Guess The WWE Finisher - Statistics

General Stats
  • This quiz has been taken 145 times
    140 since last reset
  • The average score is 31 of 61
Answer Stats
Finisher Wrestler % Correct
Edge Spear Edge
97%
Superman Punch Roman Reigns
95%
Shell Shocked Ryback
78%
Jackhammer Goldberg
77%
Pedigree Triple H
77%
Brouge Kick Sheamus
76%
Angle Slam Kurt Angle
75%
619 Rey Mysterio
75%
Twisted Bliss Alexa Bliss
72%
Phenomenal Forearm AJ Styles
69%
Coup de Grace Finn Balor
69%
Leg Drop Hulk Hogan
68%
Sharpshooter Bret Hart
66%
Figure-4 Leg Lock Ric Flair
66%
Rock Bottom The Rock
65%
RKO Randy Orton
64%
Big Ending Big E
63%
Coast To Coast Shane McMahon
63%
Stone Cold Stunner Steve Austin
63%
Codebreaker Chris Jericho
62%
Zig-Zag Dolph Ziggler
62%
Bank Statement Sasha Banks
62%
Go To Sleep CM Punk
60%
AirBourne Evan Bourne
60%
Hurt Lock Bobby Lashley
58%
Sweet Chin Music Shawn Michaels
58%
Rough Ryder Zack Ryder
58%
Uso Splash Jey Uso
57%
S.O.S. Kofi Kingston
57%
Kinshasa Shinsuke Nakamura
56%
Yes! Lock Daniel Bryan
55%
Kimura Lock Brock Lesnar
54%
Helluva Kick Sami Zayn
54%
Hell's Gate The Undertaker
54%
STF John Cena
52%
Coquina Clutch Samoa Joe
52%
Dis-Arm-Her Becky Lynch
49%
Unprettier/Killswitch Christian
44%
Rack Attack Nikki Bella
44%
Scorpion DeathLock Sting
43%
WMD Big Show
42%
Panama Sunrise Adam Cole
39%
Glorious DDT Robert Roode
39%
Project Ciampa Tommaso Ciampa
38%
Rose Plant Bayley
37%
TJP Clutch TJP
37%
Lumbar Check Cedric Alexander
36%
Gore Rhyno
35%
Future Shock DDT Drew McIntyre
34%
Purple Rainmaker Velveteen Dream
33%
The Accolade Rusev
29%
O'Connor Roll German Suplex Chad Gable
28%
Drift Away Elias
25%
Clash Of The Titus Titus O'Neal
21%
End Of Days King Corbin
20%
Captain's Hook The Brian Kendrick
20%
East River Crossing Big Cass
14%
Rolling The Dice Bo Dallas
9%
Taste Of Pain Curt Hawkins
7%
Eat Defeat Enzo Amore
5%
Lost In The Woods Xaiver Woods
3%
No matching quizzes found
Score Distribution
Percent of People with Each Score
Percentile by Number Answered
Your Score History
You have not taken this quiz since the last reset